Telopea (Registro nro. 17149)

Detalles MARC
000 -CABECERA
Campo de control 00215as aa2200097a 44500
090 ## - CLASIFICACIÓN LOCAL
Colección SERIADAS
Consecutivo 00994
041 0# - IDIOMA
Código de idioma para texto/pista de sonido o título separado
245 10 - MENCION DE TITULO
Título Telopea
260 ## - PUBLICACION, DISTRIBUCION, ETC. (PIE DE IMPRENTA)
Nombre del editor, distribuidor, etc. Royal Botanic Gardens Sydney
Lugar de publicación, distribución, etc. Australia
942 ## - ELEMENTOS ADICIONALES (KOHA)
Tipo de ítem Periodica o revista
Existencias
Withdrawn status Lost status Damaged status No para préstamo Colección Fecha publicación (Año) Volumen revista Número revista Inventariado Ubicación Permanente Ubicación actual Fecha de adquisición Fuente de Valor Total Checkouts Número topográfico Inventario / Código de Barras Date last seen Ejemplar Price effective from Forma de adquisición Tipo de material
        Hemeroteca 1995 6 2-3 Inventariado 2017 Villa de Leyva Villa de Leyva 22/03/2001 Ministerio del Medio Ambiente   SERIADAS 00994 009622 25/03/2015 1 25/03/2015   Periodica o revista
        Hemeroteca 1996 6 4 Inventariado 2017 Villa de Leyva Villa de Leyva 22/03/2001 Ministerio del Medio Ambiente   SERIADAS 00994 009621 25/03/2015 1 25/03/2015   Periodica o revista
        Hemeroteca 1996 7 1 Inventariado 2017 Villa de Leyva Villa de Leyva 22/03/2001 Ministerio del Medio Ambiente   SERIADAS 00994 009623 25/03/2015 1 25/03/2015   Periodica o revista
        Hemeroteca 1997 7 3 Inventariado 2017 Villa de Leyva Villa de Leyva 22/03/2001 Ministerio del Medio Ambiente   SERIADAS 00994 009624 25/03/2015 1 25/03/2015   Periodica o revista